000 00827nas a2200265 4500
001 BR0000899
003 BR-BrBNA
005 20231205101752.0
007 ta
008 230509b bl.|||p| |||| 00| 00por d
040 _aBR-BrBNA
_bpor
_cBiblioteca Nacional de Agricultura
041 _a(Pt)
072 _aL73
100 1 _aPinheiro, R.R.
100 1 _aGouveia, A.M.G.
100 1 _aAndrioli, A.
245 1 _aPresenca da artrite encefalite caprina em reprodutores caprinos nas principais regioes leiteiras do Estado do Ceara
650 _aCaprino
650 _aArtrite
650 _aReprodutor
650 _aCeara
773 0 _tRevista Brasileira de Reproducao Animal (Brazil)
_xISSN 0102-0803
_g(Jul-Sep 1999), v. 23(3) p. 421-423
_wBR0000899
909 _a202311
_bLúcia
_c55
_dLúcia Elande
942 _2AGRIS
_n0
_cANA
999 _c163777
_d163777